Napísané životom pútavé príbehy, otvorené spovede, pohnuté osudy

Bibliographic Details
Other Authors: Cichrová, Iveta (Publishing director), Navrátil, Lukáš (Publishing director)
Format: Journal
Language:Slovak
PhysicalDescription:zv. 28 cm
Published: Praha Bauer Media 2008-
Bratislava Bauer Media SK
Bratislava Mafra Slovakia Print, s.r.o.
Bratislava MAFRA Slovakia, a.s.
ISSN:1803-3776
Subjects:
Online Access:http://www.bauermedia.sk

MARC

LEADER 00000cas a2200000 a 4500
001 vtls009314201
003 SK-MaSNL
005 20260228162340.0
008 160916c20089999xo er|p 0 b0slo
022 |a 1803-3776 
035 |a (SVKBB)vtls000293613 
040 |a SVKBB  |b slo  |c SVKBB  |d SNK  |e AACR2 
041 0 |a slo 
044 |a xr  |c CZ  |a xo  |c SK 
072 7 |a 17  |x Etika. Morálna filozofia  |2 konspekt 
072 7 |a 821-1/-8  |x Literatúra rôznych foriem a žánrov  |2 konspekt 
080 |a 171  |2 2011 
080 |a 050  |2 2011 
080 |a 821-32  |2 2011 
080 |a 379.8(051)  |2 2011 
210 0 |a Napísané živ.  |b (Slov. vyd.) 
222 0 |a Napísané životom  |b (Slovenské vyd.) 
245 0 0 |a Napísané životom  |b pútavé príbehy, otvorené spovede, pohnuté osudy 
260 |a Praha  |b Bauer Media  |c 2008- 
260 2 |3 5/2009-2018  |a Bratislava  |b Bauer Media SK 
260 2 |3 2019-1/2020  |a Bratislava  |b Mafra Slovakia Print, s.r.o. 
260 3 |3 2/2020-  |a Bratislava  |b MAFRA Slovakia, a.s. 
300 |a zv.  |c 28 cm 
310 |a 1x mesačne  |b 3/2009- 
321 |a 26x ročne  |b 2008-2/2009 
362 0 |a Roč. 1, č. 1 (júl 2008)- 
500 |a Šéfredaktor: 1/2008-4/2009, Iveta Cichrová ; 5/2009-12/2015, Lukáš Navrátil 
500 |a Registračné číslo: MK ČR E 18 354 
500 |a Evidenčné číslo: EV 2780/08 
500 |a Od r. 2010 každé č. 1 vychádza ako decembrové číslo predchádzajúceho roku 
500 |a Vydanie v českom jazyku: Napsáno životem 
515 |a V r. 2010 chybne uvedený roč. 2 v č. 1-10 - správne roč. 3 ; v r. 2011 chybne uvedený roč. 3 v č. 1-6 - správne roč. 4 ; v r. 2012 chybne uvedený roč. 4 v č. 1, 2, 4 - správne roč. 5 ; v r. 2013 chybne uvedený roč. 5 v celom roku - správne roč. 6 ; v r. 2014 chybne uvedený roč. 5 v č. 1, 2 - správne roč. 7 
515 |a Má 2x uvedené č. 6 (2016) - správne č. 7 
525 |a Má samostatnú prílohu: Príbehy zo života 
650 0 7 |a životné problémy  |2 SNKPH  |9 4390 
655 7 |a časopisy pre voľný čas  |2 SNKPH  |9 70337 
655 7 |a príbehy  |2 SNKPH  |9 70507 
700 1 |a Cichrová, Iveta  |4 pbd  |9 270842 
700 1 |a Navrátil, Lukáš  |4 pbd  |9 270173 
770 0 |t Príbehy zo života  |x 1338-1938 
775 0 |t Napsáno životem  |x 1211-6505 
852 |a Štátna vedecká knižnica v Banskej Bystrici 
856 4 1 |u http://www.bauermedia.sk 
910 |a snk 
999 |c 7652  |d 9582 
952 |0 0  |1 0  |4 0  |7 0  |8 0  |a SNK  |b SNK  |d 2024-03-06  |i snk2024/3785  |l 0  |o snkČSB 6229/13/2020 D1  |p 17A1522767  |r 2026-02-21 19:48:57  |t č. 1-12, neúplné  |w 2026-02-21  |y PREZ  |z Chýba č. 5, 9-12 
952 |0 0  |1 0  |4 0  |7 0  |8 0  |a SNK  |b SNK  |d 2024-03-06  |i snk2024/3789  |l 0  |o snkČSB 6229/15/2022  |p 17A1522768  |r 2026-02-21 19:48:57  |t č. 1-12  |w 2026-02-21  |y PREZ 
952 |0 0  |1 0  |4 0  |7 0  |8 0  |a SNK  |b SNK  |d 2024-03-06  |i snk2024/3797  |l 0  |o snkČSB 6229/16/2023  |p 17A1522769  |r 2026-02-21 19:48:57  |t č. 1-12  |w 2026-02-21  |y PREZ 
952 |0 0  |1 0  |4 0  |7 0  |8 0  |a SNK  |b SNK  |d 2023-01-20  |i snk2023/1170  |l 0  |o snkČSB 6229/13/2020  |p 17A1465244  |r 2026-02-21 20:01:58  |t č. 1-12, neúplné  |w 2026-02-21  |y PREZ  |z Chýba č. 5 
952 |0 0  |1 0  |4 0  |7 0  |8 0  |a SNK  |b SNK  |d 2023-01-20  |i snk2023/1172  |l 0  |o snkČSB 6229/14/2021  |p 17A1465243  |r 2026-02-21 20:01:58  |t č. 1-12  |w 2026-02-21  |y PREZ 
952 |0 0  |1 0  |4 0  |7 0  |8 0  |a SNK  |b SNK  |d 2016-09-20  |i snk2016/21765  |l 0  |o snkČSB 6229/5[6]/2013  |p 17A1046136  |r 2026-02-21 22:03:29  |t č. 1-12  |w 2026-02-21  |y PREZ  |z Chybne uvedený roč. 5 - správne roč. 6 
952 |0 0  |1 0  |4 0  |7 0  |8 0  |a SNK  |b SNK  |d 2016-09-20  |i snk2016/21766  |l 0  |o snkČSB 6229/5[6]/2013 D1  |p 17A1046137  |r 2026-02-21 22:03:29  |t č. 1-12, neúplné  |w 2026-02-21  |y PREZ  |z Chýba č. 8 ; Chybne uvedený roč. 5 - správne roč. 6 
952 |0 0  |1 0  |4 0  |7 0  |8 0  |a SNK  |b SNK  |d 2016-09-20  |i snk2016/21767  |l 0  |o snkČSB 6229/7/2014  |p 17A1046138  |r 2026-02-21 22:03:29  |t č. 1-12  |w 2026-02-21  |y PREZ  |z Chybne uvedený roč. 5 v č. 1, 2 - správne roč. 7 
952 |0 0  |1 0  |4 0  |7 0  |8 0  |a SNK  |b SNK  |d 2016-09-20  |i snk2016/21769  |l 0  |o snkČSB 6229/7/2014 D1  |p 17A1046139  |r 2026-02-21 22:03:29  |t č. 1-12, neúplné  |w 2026-02-21  |y PREZ  |z Chýba č. 1, 6, 8, 10 ; Chybne uvedený roč. 5 v č. 1, 2 - správne roč. 7 
952 |0 0  |1 0  |4 0  |7 0  |8 0  |a SNK  |b SNK  |d 2016-09-20  |i snk2016/21771  |l 0  |o snkČSB 6229/8/2015  |p 17A1046140  |r 2026-02-21 22:03:30  |t č. 1-12  |w 2026-02-21  |y PREZ 
952 |0 0  |1 0  |4 0  |7 0  |8 0  |a SNK  |b SNK  |d 2016-09-20  |i snk2016/21772  |l 0  |o snkČSB 6229/8/2015 D1  |p 17A1046141  |r 2026-02-21 22:03:30  |t č. 1-12  |w 2026-02-21  |y PREZ 
952 |0 0  |1 0  |4 0  |7 0  |8 0  |a SNK  |b SNK  |d 2016-09-19  |i snk2016/21663  |l 0  |o snkČSB 6229/1/2008 D1  |p 17A1046126  |r 2026-02-21 22:03:33  |t č. 1-13  |w 2026-02-21  |y PREZ 
952 |0 0  |1 0  |4 0  |7 0  |8 0  |a SNK  |b SNK  |d 2016-09-19  |i snk2016/21667  |l 0  |o snkČSB 6229/2/2009  |p 17A1046127  |r 2026-02-21 22:03:33  |t č. 1-12  |w 2026-02-21  |y PREZ 
952 |0 0  |1 0  |4 0  |7 0  |8 0  |a SNK  |b SNK  |d 2016-09-19  |i snk2016/21671  |l 0  |o snkČSB 6229/2/2009 D1  |p 17A1046129  |r 2026-02-21 22:03:33  |t č. 1-12  |w 2026-02-21  |y PREZ 
952 |0 0  |1 0  |4 0  |7 0  |8 0  |a SNK  |b SNK  |d 2016-09-19  |i snk2016/21674  |l 0  |o snkČSB 6229/3/2010  |p 17A1046130  |r 2026-02-21 22:03:33  |t č. 1-12, neúplné  |w 2026-02-21  |y PREZ  |z Chýba č. 2 ; Chybne uvedený roč. 2 v č. 1-10 - správne roč. 3 
952 |0 0  |1 0  |4 0  |7 0  |8 0  |a SNK  |b SNK  |d 2016-09-19  |i snk2016/21675  |l 0  |o snkČSB 6229/3/2010 D1  |p 17A1046131  |r 2026-02-21 22:03:33  |t č. 1-12, neúplné  |w 2026-02-21  |y PREZ  |z Chýba č. 2 ; Chybne uvedený roč. 2 v č. 1-10 - správne roč. 3 
952 |0 0  |1 0  |4 0  |7 0  |8 0  |a SNK  |b SNK  |d 2016-09-19  |i snk2016/21724  |l 0  |o snkČSB 6229/4/2011  |p 17A1046132  |r 2026-02-21 22:03:34  |t č. 1-12, neúplné  |w 2026-02-21  |y PREZ  |z Chýba č. 1 ; Chybne uvedený roč. 3 v č. 1-6 - správne roč. 4 
952 |0 0  |1 0  |4 0  |7 0  |8 0  |a SNK  |b SNK  |d 2016-09-19  |i snk2016/21727  |l 0  |o snkČSB 6229/4/2011 D1  |p 17A1046133  |r 2026-02-21 22:03:34  |t č. 1-12, neúplné  |w 2026-02-21  |y PREZ  |z Chýba č. 1, 2 ; Chybne uvedený roč. 3 v č. 1-6 - správne roč. 4 
952 |0 0  |1 0  |4 0  |7 0  |8 0  |a SNK  |b SNK  |d 2016-09-19  |i snk2016/21728  |l 0  |o snkČSB 6229/5/2012  |p 17A1046134  |r 2026-02-21 22:03:34  |t č. 1-12  |w 2026-02-21  |y PREZ  |z Chybne uvedený roč. 4 v č. 1, 2, 4 - správne roč. 5 
952 |0 0  |1 0  |4 0  |7 0  |8 0  |a SNK  |b SNK  |d 2016-09-19  |i snk2016/21731  |l 0  |o snkČSB 6229/5/2012 D1  |p 17A1046135  |r 2026-02-21 22:03:34  |t č. 1-12  |w 2026-02-21  |y PREZ  |z Chybne uvedený roč. 4 v č. 1, 2, 4 - správne roč. 5 
952 |0 0  |1 0  |4 0  |7 0  |8 0  |a SNK  |b SNK  |d 2016-09-16  |i snk2016/21618  |l 0  |o snkČSB 6229/1/2008  |p 17A1046125  |r 2026-02-21 22:03:38  |t č. 1-13  |w 2026-02-21  |y PREZ 
952 |0 0  |1 0  |4 0  |7 0  |8 0  |a SNK  |b SNK  |d 2018-12-17  |i snk2018/27294  |l 0  |o snkČSB 6229/9/2016  |p 17A1340717  |r 2026-02-21 22:13:55  |t č. 1-12  |w 2026-02-21  |y PREZ 
952 |0 0  |1 0  |4 0  |7 0  |8 0  |a SNK  |b SNK  |d 2018-12-17  |i snk2018/27306  |l 0  |o snkČSB 6229/9/2016 D1  |p 17A1340716  |r 2026-02-21 22:13:57  |t č. 1-12  |w 2026-02-21  |y PREZ 
952 |0 0  |1 0  |4 0  |7 0  |8 0  |a SNK  |b SNK  |d 2018-12-17  |i snk2018/27318  |l 0  |o snkČSB 6229/10/2017  |p 17A1340715  |r 2026-02-21 22:13:57  |t č. 1-12, neúplné  |w 2026-02-21  |y PREZ  |z Chýba č. 11 
952 |0 0  |1 0  |4 0  |7 0  |8 0  |a SNK  |b SNK  |d 2018-12-17  |i snk2018/27323  |l 0  |o snkČSB 6229/10/2017 D1  |p 17A1340714  |r 2026-02-21 22:13:57  |t č. 1-12, neúplné  |w 2026-02-21  |y PREZ 
952 |0 0  |1 0  |4 0  |7 0  |8 0  |a SNK  |b SNK  |d 2018-12-17  |i snk2018/27324  |l 0  |o snkČSB 6229/11/2018  |p 17A1340713  |r 2026-02-21 22:13:57  |t č. 1-13  |w 2026-02-21  |y PREZ 
952 |0 0  |1 0  |4 0  |7 0  |8 0  |a SNK  |b SNK  |d 2018-12-17  |i snk2018/27325  |l 0  |o snkČSB 6229/11/2018 D1  |p 17A1340712  |r 2026-02-21 22:13:57  |t č. 1-13  |w 2026-02-21  |y PREZ 
952 |0 0  |1 0  |4 0  |7 0  |8 0  |a SNK  |b SNK  |d 2020-02-10  |i snk2020/3066  |l 0  |o snkČSB 6229/12/2019  |p 17A1386349  |r 2026-02-21 22:15:30  |t č. 1-12  |w 2026-02-21  |y PREZ 
952 |0 0  |1 0  |4 0  |7 0  |8 0  |a SNK  |b SNK  |d 2020-02-10  |i snk2020/3067  |l 0  |o snkČSB 6229/12/2019 D1  |p 17A1386348  |r 2026-02-21 22:22:54  |t č. 1-12  |w 2026-02-21  |y PREZ